Crónica de músicos y diablos
-д хадгалсан:
| Үндсэн зохиолч: | |
|---|---|
| Формат: | Ном |
| Хэл сонгох: | испани |
| Хэвлэсэн: |
Lima
PEISA
1991
|
| Цуврал: | Del Rio Hablador
|
| Нөхцлүүд: | |
| Шошгууд: |
Шошго нэмэх
Шошго байхгүй, Энэхүү баримтыг шошголох эхний хүн болох!
|
MARC
| LEADER | 00000nam a2200000 a 4500 | ||
|---|---|---|---|
| 001 | UCI7619 | ||
| 003 | CL-VaPUC | ||
| 008 | 080718e19910000PE |||||||||||||||||spa|d | ||
| 082 | 0 | 4 | |a Pe863 |b MAR |2 21 |
| 100 | |a Martínez Navarro, Gregorio |e autor |9 530895 | ||
| 245 | 1 | 0 | |a Crónica de músicos y diablos |
| 300 | |a 264 p | ||
| 942 | |c BK | ||
| 945 | |d 20080718 00:00:00 |a rbrito | ||
| 260 | |a Lima |b PEISA |c 1991 | ||
| 650 | 7 | |a NOVELAS PERUANAS |2 CL-VaPUC |9 530896 | |
| 583 | |a last modification |c 20080718 00:00:00 |k Rodrigo Vera | ||
| 490 | 0 | |a Del Rio Hablador | |
| 999 | |c 330837 |d 330835 | ||
| 952 | |0 0 |1 0 |4 0 |6 PE_863_000000000000000_MAR_1991 |7 0 |8 X |9 416722 |a FDOMLP |b FDOMLP |d 2019-11-22 |i 4457803 |o Pe863 MAR 1991 |p 4457803 |r 2019-11-22 |w 2019-11-22 |y BK_X |k BU2 | ||